O príncipe (Record no. 171045)

MARC details
000 -LÍDER
campo de controle de tamanho fixo 00367 a2200169 4500
001 - NÚMERO DE CONTROLE
campo de controle 171045
020 ## - ISBN - INTERNATIONAL STANDARD BOOK NUMBER
ISBN - International Standard Book Number 85-262-1532-9
040 ## - FONTE DA CATALOGAÇÃO
Instituição que transcreveu o registro Magnum
100 ## - ENTRADA PRINCIPAL--NOME PESSOAL
Nome pessoal Machiavelli, Niccolò
240 10 - TÍTULO UNIFORME
Título uniforme O príncipe
Idioma da obra por
245 10 - TÍTULO
Título O príncipe
300 ## - DESCRIÇÃO FÍSICA
Extensão 93
362 0# - DATAS DE PUBLICAÇÃO E/OU DESIGNAÇÃO SEQUENCIAL
Datas de publicação e/ou designação sequencial 1990
440 #1 - DECLARAÇÃO DE SÉRIE/ENTRADA ADICIONADA--TÍTULO
Título Scipione
697 ## - ENTRADA DE ASSUNTO LOCAL--ENTIDADE COLETIVA (RLIN)
Nome corporativo ou nome da jurisdição CIÊNCIA POLÍTICA E DISCIPLINAS AFINS
942 ## - ELEMENTOS DE ENTRADA ADICIONADOS (KOHA)
Tipo de material Koha Livros
Holdings
Situação do descarte Situação das perdas Situação física Não pode ser emprestado Biblioteca de origem Biblioteca atual Data de aquisição Total de empréstimos Número de chamada completo Código de barras Data de último acesso Data do preço efetivo Tipo de material Koha
        Magnum Magnum 08/06/2024   320.1 MAG00015992 08/06/2024 08/06/2024 Livros
        Magnum Magnum 08/06/2024   320.1 MAG00015993 08/06/2024 08/06/2024 Livros
        Magnum Magnum 08/06/2024   320.1 MAG00015994 08/06/2024 08/06/2024 Livros
        Magnum Magnum 08/06/2024   890.3.120 MAG00060051 08/06/2024 08/06/2024 Livros